Reinvigorating The Interfaces Of Protected Area Through Landscape Policies And Interventions At Tungareshwar Wildlife Sanctuary Vasai-Virar, Mumbai (Record no. 362045)
[ view plain ]
| 000 -LEADER | |
|---|---|
| fixed length control field | 00392nam a2200097Ia 4500 |
| 008 - FIXED-LENGTH DATA ELEMENTS--GENERAL INFORMATION | |
| fixed length control field | 241105s9999 xx 000 0 und d |
| 041 ## - LANGUAGE CODE | |
| Language code of text/sound track or separate title | eng |
| 100 ## - MAIN ENTRY--PERSONAL NAME | |
| Personal name | Patil Ruta |
| 9 (RLIN) | 184203 |
| 245 ## - TITLE STATEMENT | |
| Title | Reinvigorating The Interfaces Of Protected Area Through Landscape Policies And Interventions At Tungareshwar Wildlife Sanctuary Vasai-Virar, Mumbai |
| 260 ## - PUBLICATION, DISTRIBUTION, ETC. (IMPRINT) | |
| Name of publisher, distributor, etc. | BNCA M Arch Landscape Architecture, Pune |
| Date of publication, distribution, etc. | 2022 |
No items available.